000 00454cam a2200181 4500
001 D13792
008 090401t1900 xxu||||| |||| 00| 0 eng d
035 _a(Sirsi) u11679
041 _aeng
100 _aRyde, Walter C
245 4 _aThe law and practice of rating both within and without the metropolis
250 _a1st
260 _aLondon
_bShaw & Butterworths
_c1900
350 _a0
520 _aShelf 134
942 _n0
948 _c04/03/1997
999 _c86891
_d86891